Statistics for Football - Scotland One-Cap Wonders - #6 2000 to date

Click here to take the quiz!

General Stats

  • This quiz has been taken 41 times
    (10 since last reset)
  • The average score is 6 of 29

Answer Stats

YearOpponentClub TeamAnswer% Correct
2019Cyprus (73>)KilmarnockEamonn Brophy
50%
2012Luxembourg (+91)St. JohnstoneMurray Davidson
50%
2014England (+67)Sheffield Wednesday (ENG)Stevie May
40%
2000France (67>)Coventry City (ENG)Paul Telfer
30%
2001Poland (56>)Dundee UnitedCharlie Miller
30%
2012Luxembourg (+46)KilmarnockLiam Kelly
30%
2012Australia (+87)RangersIan Black
30%
2019San MarinoKilmarnockStuart Findlay
30%
2001Poland (+46)KilmarnockAndy McLaren
30%
2004Romania (18>)CelticJohn Kennedy
20%
2008Northern Ireland (+46)FalkirkDarren Barr
20%
2009Japan (46>)Preston North End (ENG)Ross Wallace
20%
2018PeruMillwall (ENG)Jordan Archer
20%
2018Hungary (+67)Wolverhampton Wanderers (ENG)Barry Douglas
20%
2011Northern Ireland (+57)CelticMark Wilson
20%
2004Denmark (+16)Leicester City (ENG)Peter Canero
20%
2016France (+84)RangersBarrie McKay
20%
2006Ukraine (89>)Heart of MidlothianRobbie Neilson
20%
2016France (+66)Swansea City (WAL)Stephen Kingsley
20%
2016Czech Republic (+88)Birmingham City (ENG)Paul Caddis
10%
2001Poland (75>)HibernianJohn O'Neil
10%
2004Sweden (+54)MotherwellSteven Hammell
10%
2016Czech Republic (+78)Charlton Athletic (ENG)Tony Watt
10%
2004Wales (+68)Blackburn Rovers (ENG)Paul Gallagher
10%
2012Luxembourg (70>)Inverness Caledonian ThistleAndrew Shinnie
10%
2004Trinidad & TobagoLivingstonJamie McAllister
10%
2010Faroe Islands (+68)KilmarnockCammy Bell
0%
2009Japan (+46)Norwich City (ENG)Stephen Hughes
0%
2010Faroe Islands (+71)MotherwellSteven Saunders
0%

Score Distribution

Percentile by Number Answered

Percent of People with Each Score

Your Score History

You have not taken this quiz since the last reset